| 000 | 01188nam a2200325 a 4500 | ||
|---|---|---|---|
| 001 | 000110053 | ||
| 003 | CHAP | ||
| 005 | 20220329144116.0 | ||
| 008 | 140626s2014 mx sm |||||||spa d | ||
| 010 | _a106515 | ||
| 011 | _a107487 | ||
| 040 | _cCHAP | ||
| 090 | _aTesis | ||
| 100 | 1 |
_aNajera Rosas, Cinthya _980078 |
|
| 245 | 1 | 0 |
_aDiagnóstico de la fertilidad de los suelos de sistemas agroforestales con manejo ecológico en Huatusco, Veracruz _h[En línea] _cpor Cinthya Najera Rosas. |
| 260 |
_aChapingo, Méx. : _bEl autor, _c2014. |
||
| 500 | _aPara ver el contenido del material haga clic en la liga | ||
| 502 | _aTesis (M. C. en Agroforestería para el Desarrollo Sostenible) -- UACH. Departamento de Suelos | ||
| 590 |
_aBATCH-UPD _b05 _c20141002 _lUCH01 _h0905 |
||
| 590 |
_aE6096MTM _b05 _c20140626 _lUCH01 _h1103 |
||
| 590 |
_aE6096MTM _b05 _c20140626 _lUCH01 _h1105 |
||
| 650 | 1 | 4 |
_aDiagnóstico. _932393 |
| 650 | 1 | 4 |
_aEcología forestal. _935176 |
| 650 | 1 | 4 |
_aSistemas agroforestales. _9106735 |
| 650 | 1 | 4 |
_aSuelos _xFertilidad. _9110367 |
| 856 |
_aFinding aid _uhttp://10.13.5.2/tesis/sist110053.pdf _zTeclea aquí |
||
| 901 | _aBK | ||
| 942 | _cTESIS | ||
| 942 | _n0 | ||
| 999 |
_c106515 _d106515 |
||